000 00223nam a22001097a 4500
100 _aWebster
245 _aThe merriam webster Thesaurus
250 _a2012
260 _bMerriam -webster
300 _a772
942 _2ddc
_cBK
999 _c10976
_d10976